|
|
|
|
| LEADER |
00000cam a2200000 7i4500 |
| 001 |
0000021442 |
| 005 |
20080718.0 |
| 008 |
080718 |
| 020 |
|
|
|a 7806790144
|
| 090 |
0 |
0 |
|a STI
|b CHI
|
| 100 |
1 |
|
|a Stein R.L.
|
| 245 |
1 |
0 |
|a Mo gui mian ju :
|b xian xin xu guan = The haunted mask ; be careful what you wish for (Chinese)
|c R.L.Stein
|
| 260 |
|
|
|a Nanning :
|b Jielichu ban she ,
|c 2002
|
| 440 |
|
|
|a Goosebumps series
|
| 650 |
|
0 |
|a Chinese fiction
|
| 999 |
|
|
|a 0001030530
|b Book
|c Chinese Collection
|e Perbadanan Perpustakaan Awam Johor
|
| 999 |
|
|
|a 0001030531
|b Book
|c Chinese Collection
|e Perbadanan Perpustakaan Awam Johor
|
| 999 |
|
|
|a 0001030801
|b Book
|c Chinese Collection
|e Cawangan Batu Pahat
|